Statistiques concernant Les 50 capitales des Etats-Unis

Cliquez ici pour prendre le quiz!

Statistiques générales

  • Ce quiz a été pris 5,890 fois
  • Le résultat moyen est 30 sur 50

Statistiques - réponses

Hint Answer % Correct
CalifornieSacramento
84%
HawaiiHonolulu
80%
LouisianeBaton Rouge
79%
ColoradoDenver
79%
MassachusettsBoston
79%
ArizonaPhoenix
77%
TexasAustin
76%
IndianaIndianapolis
75%
GéorgieAtlanta
74%
OklahomaOklahoma City
72%
AlaskaJuneau
72%
UtahSalt Lake City
71%
New YorkAlbany
68%
FlorideTallahassee
67%
Nouveau MexiqueSanta Fe
64%
Dakota du SudPierre
62%
MississippiJackson
62%
TennesseeNashville
62%
VermontMontpelier
61%
IowaDes Moines
61%
IllinoisSpringfield
60%
Caroline du NordRaleigh
59%
OregonSalem
59%
AlabamaMontgomery
59%
IdahoBoise
57%
ArkansasLittle Rock
57%
Dakota du NordBismarck
55%
OhioColumbus
55%
WashingtonOlympia
55%
MontanaHelena
55%
WyomingCheyenne
54%
Caroline du SudColumbia
54%
Rhode IslandProvidence
52%
MaineAugusta
52%
DelawareDover
52%
KentuckyFrankfort
51%
NevadaCarson City
51%
MinnesotaSaint Paul
51%
MarylandAnnapolis
49%
KansasTopeka
49%
NebraskaLincoln
49%
ConnecticutHartford
48%
VirginieRichmond
48%
Virginie OccidentaleCharleston
48%
MissouriJefferson City
46%
WisconsinMadison
46%
New JerseyTrenton
45%
MichiganLansing
45%
PennsylvanieHarrisburg
43%
New HampshireConcorde
38%

Distribution des résultats

Percentile par nombre de réponses

% des personnes avec chaque résultat

Votre développement - résultats

Vous n’avez pas pris ce quiz